000 00958cam a2200289 i 4500
001 18213769
003 ARRUPE
005 20220330102600.0
008 140707s2015 nyu 001 0 eng
010 _a 2014026308
020 _a9780062374349 (pbk.)
040 _aDLC
_beng
_cDLC
_erda
_dDLC
042 _apcc
050 0 0 _aQ173
_b.T54 2015
082 0 0 _a500
_223
245 0 0 _aThis idea must die :
_bscientific ideas that are blocking progress /
_cedited by John Brockman.
250 _aFirst edition.
260 _aNew York
_bHarper Perennial
_c2015
300 _a568 pages ;
_c21 cm
500 _aIncludes index.
650 0 _aScience
_vMiscellanea
_917703
650 0 _aScience in popular culture.
_951089
700 1 _aBrockman, John,
_d1941-
_eeditor.
_950268
906 _a7
_bcbc
_corignew
_d1
_eecip
_f20
_gy-gencatlg
942 _2lcc
_cMONOGRAPH
999 _c131176
_d131176